000 01544cad a2200301 4500
001 L144096
002 17312
008 080616s2008 xxk f 000 0 eng u
020 _a9781842194034
035 _a(Sirsi) u144096
041 0 _aeng
050 0 4 _a346.410434 $2 18
110 2 _aRoyal Institution of Chartered Surveyors
_94900
245 0 0 _aDilapidations
_bRICS guidance note
_h[electronic resource]
250 _a5th ed.
260 _aLondon
_bRICS
_c2008
300 _avi, 60p.
_c30cm.
350 _a25
490 0 _aRICS Guidance Note
520 _aThe fifth edition of this RICS guidance note, which has been updated to take into account the new Civil Procedure Rules. Considers: best practice in dilapidations instructions; constraints on surveyors; differing claims at the end of and during the term; types of schedule and problem areas; damages and other areas; the correct layout and content of the schedule; effective dialogue between parties and resolving disputes.
520 _aPractical features include: text of the Property Litigation Association Protocol; sample schedules; example of a Scott schedule and relevant statutory information.
520 _aSupersedes fourth edition (ISBN 184219075X).
590 _aKA
651 4 _aEngland and Wales
_y1543-
690 _aPROPERTY-LEASEHOLD PROPERTY-LANDLORD AND TENANT-DILAPIDATIONS
856 4 1 _uhttps://www.rics.org/Global/Downloads/dilapidationsV5_2008.pdf
_zView the guidance free of charge (member-only content) at www.rics.org/guidance...
942 _n0
999 _c108376
_d108376